Guía completa del coliving : (Record no. 196867)

MARC details
000 -LEADER
campo de control de longitud fija 01574nam a2200337 i 4500
001 - NÚMERO DE CONTROL
campo de control 196867
003 - IDENTIFICADOR DE NÚMERO DE CONTROL
campo de control SpMaBN
005 - FECHA Y HORA DE LA ÚLTIMA TRANSACCIÓN
campo de control 20250802063125.0
008 - DATOS DE LONGITUD FIJA--INFORMACIÓN GENERAL
campo de control de longitud fija 250113s2024 sp |||||| 000 | spa|
017 ## - NÚMERO DE COPYRIGHT O DE DEPÓSITO LEGAL
Número de copyright o de depósito legal M 21164-2024
Agencia que asigna Oficina Depósito Legal Madrid
020 ## - NÚMERO INTERNACIONAL ESTÁNDAR DEL LIBRO
Número Internacional Estándar del Libro 9788430991853
040 ## - FUENTE DE CATALOGACIÓN
Centro catalogador/agencia de origen SpMaBN
Lengua de catalogación spa
Centro/agencia transcriptor SpMaBN
Normas de descripción rda
245 10 - MENCIÓN DEL TÍTULO
Título Guía completa del coliving :
Resto del título conoce a través de los principales protagonistas del Flex Living, todos sus aspectos, sociales, jurídicos, económicos y arquitectónicos /
Mención de responsabilidad, etc. Araceli Martín-Navarro, Sandra Daza Silva (coordinadoras) ; prólogo de Sigfrido Herráez y Enrique Manzano.
260 ## - PUBLICACIÓN, DISTRIBUCIÓN, ETC.
Lugar de publicación, distribución, etc. Madrid :
Nombre del editor, distribuidor, etc. Editorial Tecnos,
Fecha de publicación, distribución, etc. 2024.
300 ## - DESCRIPCIÓN FÍSICA
Extensión 251 páginas ;
Dimensiones 23 cm
336 ## - TIPO DE CONTENIDO
Término de tipo de contenido Texto
Fuente rdacontent
337 ## - TIPO DE MEDIO
Nombre/término del tipo de medio sin mediación
Fuente rdamedia
338 ## - TIPO DE SOPORTE
Nombre/término del tipo de soporte volumen
Fuente rdacarrier
650 #7 - PUNTO DE ACCESO ADICIONAL DE MATERIA--TÉRMINO DE MATERIA
9 (RLIN) 136998
Término de materia o nombre geográfico como elemento de entrada Vivienda
700 1# - ENTRADA AGREGADA--NOMBRE PERSONAL
Nombre de persona Martín-Navarro, Araceli
Término indicativo de función/relación Coordinador
9 (RLIN) 241482
700 1# - ENTRADA AGREGADA--NOMBRE PERSONAL
Nombre de persona Daza Silva, Sandra
Término indicativo de función/relación Coordinador
9 (RLIN) 241483
700 1# - ENTRADA AGREGADA--NOMBRE PERSONAL
Nombre de persona Herráez, Sigfrido
Término indicativo de función/relación Autor de introducción
9 (RLIN) 241484
700 1# - ENTRADA AGREGADA--NOMBRE PERSONAL
Nombre de persona Manzano, Enrique
Término indicativo de función/relación Autor de introducción
9 (RLIN) 241485
852 ## - LOCALIZACIÓN
Ubicación ES-MaACL
Ubicación en estantería Depósito J
Número de control de estantería N-10298
Anotaciones manuscritas Dedicatoria autógrafa de los coordinadores
Donativo/Legado Donación: Araceli Martín-Navarro; Sandra Daza Silva
Encuadernación Encuadernación rústica con solapas
itemnumber 206420
903 ## - NOMBRE PERSONAL DE DONANTE
a Martín-Navarro, Araceli
e Donante
903 ## - NOMBRE PERSONAL DE DONANTE
a Daza Silva, Sandra
e Donante
942 ## - ELEMENTOS DE ENTRADA SECUNDARIOS (KOHA)
Tipo de ítem Koha Libro impreso
Suprimir en OPAC No
Holdings
Estatus retirado Estado de pérdida Fuente del sistema de clasificación o colocación Estado de daño No para préstamo Colección Biblioteca de origen Biblioteca actual Ubicación en estantería Fecha de adquisición Fuente de adquisición Total de préstamos Signatura topográfica completa Código de barras Visto por última vez Precio de reemplazo Tipo de ítem Koha
    Clasificación decimal universal     Libros con dedicatorias Biblioteca del Ateneo de Madrid Biblioteca del Ateneo de Madrid Depósito J 31/07/2025 Donación   N-10298 2025-0803 31/07/2025 31/07/2025 Libro impreso